000
00317nam a2200133Ia 4500
008
150201s2006 xx 000 0 und d
082
_a
614.44
_b
B06B
100
_a
BEAGLEHOLE,R
245
_a
BASICS EPIDEMIOLOGY
250
_a
1ST
260
_b
AITBS
_a
DELHI
_c
2006
650
_a
COMMUNITY MEDICINE
942
_2
ddc
_c
BK
_0
4
999
_c
1145
_d
1145